000
00289nam a2200133 4500
008
181031b xxu||||| |||| 00| 0 eng d
020
_a
9780944210468
041
_a
eng
080
_a
371
100
_a
46
101
_a
EDU
245
_a
Advanced Word Power
_c
Johnson,B
942
_2
ddc
_c
BK
999
_c
51236
_d
51236